Score 0/9 Timer 04:00
0 Plays Today
% Correct
Ariel - Little Mermaid
98%
Belle - Beauty and the Beast
97.9%
Snow White - and the Seven Dwarfs
97.8%
Cinderella
97.7%
Jasmine - Aladdin
96.3%
Mulan
94.9%
Pocahontas
92.8%
Aurora - Sleeping Beauty
91%
Tiana - Princess and the Frog
90.7%
Remove Ads.
Support Sporcle.
Get the best of Sporcle when you Go Orange. This ad-free experience offers more features, more stats, and more fun while also helping to support Sporcle. Thank you for becoming a member.

You're not logged in!

Compare scores with friends on all Sporcle quizzes.
OR
Log In

Show Comments

Extras

Top Quizzes Today


Score Distribution

Your Account Isn't Verified!

In order to create a playlist on Sporcle, you need to verify the email address you used during registration. Go to your Sporcle Settings to finish the process.

Report this User

Report this user for behavior that violates our Community Guidelines.

Details: